El ermitaño y Torres (Record no. 166546)

MARC details
000 -LEADER
campo de control de longitud fija 01268nam a22002295i 4500
001 - NÚMERO DE CONTROL
campo de control 166546
003 - IDENTIFICADOR DE NÚMERO DE CONTROL
campo de control ES-MaACL
005 - FECHA Y HORA DE LA ÚLTIMA TRANSACCIÓN
campo de control 20250730063147.0
008 - DATOS DE LONGITUD FIJA--INFORMACIÓN GENERAL
campo de control de longitud fija 940721s1795 sp |||| | spa d
040 ## - FUENTE DE CATALOGACIÓN
Centro catalogador/agencia de origen CAV
Lengua de catalogación spa
100 1# - ENTRADA PRINCIPAL--NOMBRE DE PERSONA
Nombre de persona Torres Villarroel, Diego de,
Fechas asociadas al nombre 1693-1770
9 (RLIN) 111026
245 13 - MENCIÓN DEL TÍTULO
Título El ermitaño y Torres
Resto del título : avisos ... en que se trata de la Piedra Philosofal y las tres Cartillas, Rústica, Médica y Eclesiastica ... /
Mención de responsabilidad, etc. por Dr. Diego de Torres Villarroel ... ; Tomo VI.
260 ## - PUBLICACIÓN, DISTRIBUCIÓN, ETC.
Lugar de publicación, distribución, etc. Madrid :
Nombre del editor, distribuidor, etc. en la imprenta de la viuda de Ibarra,
Fecha de publicación, distribución, etc. 1795.
300 ## - DESCRIPCIÓN FÍSICA
Extensión [10], VI, 408 p., VI p., [4] h. pleg. ;
Dimensiones 8º.
530 ## - NOTA DISPONIBLE DE FORMULARIO FÍSICO ADICIONAL
Nota de formato físico adicional disponible Disponible en formato digital.
597 ## - NOTA DE DESCRIPCIÓN FÍSICA
NOTA DE DESCRIPCIÓN FÍSICA Sign. : A5, *6, B-Z8, Aa-Cc8, Dd4.
599 ## - NOTA A LAS ILUSTRACIONES
NOTA A LAS ILUSTRACIONES Las h. pleg. son diagramas calc. encarados a las p. 320, 336, 370 y 372.
650 #4 - PUNTO DE ACCESO ADICIONAL DE MATERIA--TÉRMINO DE MATERIA
Término de materia o nombre geográfico como elemento de entrada Alquimia.
9 (RLIN) 9742
852 ## - LOCALIZACIÓN
Ubicación ES-MaACL
Número de control de estantería R-2207-21
Nota libre -- Enc. pasta española
-- -- Las VI pp. de Indice enc. al final de la obra y tendrían que ir entre los prelim. y el texto, según indican los reclamos- Tiene [2] h. de grab. pleg. y la h. 370 también es pleg. -- Marca tip. en port. Olim: C-31414-28.
856 ## - LOCALIZACIÓN Y ACCESO ELECTRÓNICOS
Identificador Uniforme de Recursos <a href="http://bdh-rd.bne.es/viewer.vm?id=0000093783&page=1 ">http://bdh-rd.bne.es/viewer.vm?id=0000093783&page=1 </a>
Nota pública Biblioteca Digital Hispánica
Holdings
Estatus retirado Estado de pérdida Estado de daño No para préstamo Colección Biblioteca de origen Biblioteca actual Ubicación en estantería Fecha de adquisición Total de préstamos Signatura topográfica completa Código de barras Visto por última vez Precio de reemplazo Tipo de ítem Koha
        Colección digital Biblioteca del Ateneo de Madrid Biblioteca del Ateneo de Madrid Depósito 17/01/2008   R-2207-21 1174676 23/02/2023 23/02/2023 Libro impreso antiguo